000 00608nam a2200241Ia 4500
003 OSt
005 20221007100530.0
006 a|||||r|||| 00| 0
007 ta
008 221006b |||||||| |||| 00| 0 eng d
024 _a4,555
037 _cTextual
040 _aLCO
_cLCO
_beng
041 _2eng
_aeng
082 _aV1:5, L9
100 _aSMITH T B
_9690533
245 0 _aBasic rights and their enforcement
260 _aBombay
_bN.M.Tripathi
_c1979
300 _a64
650 _aBASIC RIGHTS
_9701818
942 _hV1:5, L9
_cTEXL
999 _c1174118
_d1174118